000 00265nam a2200097Ia 4500
001 1087279
005 20250827002656.0
008 250824s9999 xx 000 0 und d
245 0 _aAYET AYET HAYAT •D1 ¨238
_cYAVUZ BAHADIROĞLU
260 _bPANAMA YAYINLARI
999 _c1087279
_d1087279